The art of leadership: Managing early childhood organizations (Record no. 10353)
[ view plain ]
| 000 -LEADER | |
|---|---|
| fixed length control field | 00924nam a22001577a 4500 |
| 005 - DATE AND TIME OF LATEST TRANSACTION | |
| control field | 20240724130800.0 |
| 008 - FIXED-LENGTH DATA ELEMENTS--GENERAL INFORMATION | |
| fixed length control field | 240724b ||||| |||| 00| 0 eng d |
| 020 ## - INTERNATIONAL STANDARD BOOK NUMBER | |
| International Standard Book Number | 0942902247 |
| 245 ## - TITLE STATEMENT | |
| Title | The art of leadership: Managing early childhood organizations |
| Statement of responsibility, etc. | edited by Bonnie and Roger Neugebauer |
| 260 ## - PUBLICATION, DISTRIBUTION, ETC. | |
| Place of publication, distribution, etc. | Remond |
| Name of publisher, distributor, etc. | Exchange press |
| Date of publication, distribution, etc. | 1998 |
| 300 ## - PHYSICAL DESCRIPTION | |
| Extent | iv, 354 p,: |
| Dimensions | 28cm |
| 500 ## - GENERAL NOTE | |
| General note | Includes reference |
| 505 ## - FORMATTED CONTENTS NOTE | |
| Formatted contents note | Contents: Leading an organization -- Developing your skills -- Advocating for children and families -- Getting organized -- Legal issues -- Structuring the organization -- Managing Money -- Raising Money -- Personal policies -- Recruiting and selecting staff -- Supervising and developing staff -- Developing your team -- Appraising staff -- Evaluating your program -- Working with parents -- Marketing your program -- Community outreach |
| 700 ## - ADDED ENTRY--PERSONAL NAME | |
| Personal name | Bonnie and Roger Neugebauer |
| 9 (RLIN) | 2952 |
| 942 ## - ADDED ENTRY ELEMENTS (KOHA) | |
| Source of classification or shelving scheme | Library of Congress Classification |
| Koha item type | Reference |
| Withdrawn status | Lost status | Source of classification or shelving scheme | Damaged status | Not for loan | Home library | Current library | Shelving location | Date acquired | Total Checkouts | Full call number | Barcode | Date last seen | Copy number | Price effective from | Koha item type |
|---|---|---|---|---|---|---|---|---|---|---|---|---|---|---|---|
| Library of Congress Classification | WISCONSIN INTERNATIONAL UNIVERSITY COLLEGE, GHANA - MAIN LIBRARY | WISCONSIN INTERNATIONAL UNIVERSITY COLLEGE, GHANA - MAIN LIBRARY | Reference | 24/07/2024 | REF | 9758/459/24 | 24/07/2024 | 1 | 24/07/2024 | Reference | |||||
| Library of Congress Classification | WISCONSIN INTERNATIONAL UNIVERSITY COLLEGE, GHANA - MAIN LIBRARY | WISCONSIN INTERNATIONAL UNIVERSITY COLLEGE, GHANA - MAIN LIBRARY | Reference | 24/07/2024 | REF | 9818/519/24 | 24/07/2024 | 2 | 24/07/2024 | Reference |
